Central Library OPAC University of Rajshahi

Auditing / (Record no. 15069)

MARC details
000 -LEADER
fixed length control field 00870cam a22003011 4500
001 - CONTROL NUMBER
control field 15069
003 - CONTROL NUMBER IDENTIFIER
rucl marc code BD-RjUL
005 - DATE AND TIME OF LATEST TRANSACTION
control field 20211208235738.0
008 - FIXED-LENGTH DATA ELEMENTS--GENERAL INFORMATION
fixed length control field 140209s1963 xx 001 0 eng
035 ## - SYSTEM CONTROL NUMBER
System control number (BD-RjUL)15123
System control number (OCoLC)697415
040 ## - CATALOGING SOURCE
Original cataloging agency DLC
Transcribing agency PPi
Modifying agency DLC
-- BD-RjUL
Language of cataloging eng
041 ## - LANGUAGE CODE
Language code of text/sound track or separate title eng
082 ## - DEWEY DECIMAL CLASSIFICATION NUMBER
Classification number 657.64
Author mark and year CAA
100 1# - MAIN ENTRY--PERSONAL NAME
Personal name Cashin, James A.
9 (RLIN) 46924
245 00 - TITLE STATEMENT
Title Auditing /
250 ## - EDITION STATEMENT
Edition statement 2d ed.
260 ## - PUBLICATION, DISTRIBUTION, ETC. (IMPRINT)
Place of publication, distribution, etc. New York :
Name of publisher, distributor, etc. Ronald Press Co. ;
Date of publication, distribution, etc. 1963.
300 ## - PHYSICAL DESCRIPTION
Pagination vi, 851 p. ;
Size 24 cm.
500 ## - GENERAL NOTE
General note 1948 ed. by Thomas W. Byrnes, K. Lanneau Baker, and C. Aubrey Smith.
504 ## - BIBLIOGRAPHY, ETC. NOTE
Bibliography, etc Includes index.
650 #0 - SUBJECT ADDED ENTRY--TOPICAL TERM
Topical term or geographic name as entry element Auditing.
9 (RLIN) 23295
700 1# - ADDED ENTRY--PERSONAL NAME
Personal name Owens, Garland Chester,
Relator term joint author.
Personal name Byrnes, Thomas William,
Dates associated with a name 1880-
942 ## - ADDED ENTRY ELEMENTS (KOHA)
Source of classification or shelving scheme Dewey Decimal Classification
Koha item type Books
Holdings
Lost status Source of classification or shelving scheme Damaged status Not for loan Collection code Permanent Location Current Location Shelving location Date acquired Source of acquisition Cost, normal purchase price Total Checkouts Full call number Date last seen Copy number Koha item type
  Dewey Decimal Classification     Non-fiction Central Library, University of Rajshahi Central Library, University of Rajshahi   01/04/1965 Swets & Zeitlinger. 68.00   657.64 CAA 1963 09/02/2014 C-2 Books
  Dewey Decimal Classification   Not For Loan Non-fiction Central Library, University of Rajshahi Central Library, University of Rajshahi Reading Room 01/04/1965 Swets & Zeithinger 68.00   657.64 CAA 1963 27/12/2016 C-1 Books
  Dewey Decimal Classification     Non-fiction Central Library, University of Rajshahi Central Library, University of Rajshahi   01/04/1965 Sweets & Zeitlinger 68.00   657.64 CAA 15/04/2019 C-3 Books
  Dewey Decimal Classification     Non-fiction Central Library, University of Rajshahi Central Library, University of Rajshahi   01/04/1965 Sweets & Zeitlinger 68.00   657.64 CAA 15/04/2019 C-4 Books
  Dewey Decimal Classification     Non-fiction Central Library, University of Rajshahi Central Library, University of Rajshahi   01/04/1965 Sweets & Zeitlinger 68.00   657.64 CAA 15/04/2019 C-5 Books